000 01292nam a2200325 i 4500
003 DO-SdBNP
005 20230706100202.0
007 ta
008 230706b2022 dr d|||| |||| 00| 0 spa d
020 _a9789945625172
040 _aDO-SdBNP
_bspa
_cBNPHU
_erda
082 4 _222
100 _942888
_aHiraldo Trejo, Reyna
_eautora
245 1 0 _aUso de las herramientas tecnológicas para el proceso de formación virtual en las universidades de la República Dominicana en el marco del COVID-19 /
_cReyna Hiraldo Trejo, Elizabeth Filpo Estrella y Dakeisi Perdomo Espinal ; edición Lennys Tejada Betancourt ; corrección de estilo Luisa Hernández
264 1 _aSanto Domingo :
_bUAPA,
_c2022.
300 _a106 páginas :
_bgráficos ;
_c23 cm.
336 _2rdacontent
_atexto
_btxt
337 _2rdamedia
_asin mediación
_bn
338 _2rdacarrier
_avolumen
_bn
490 _aLibros de investigación
_v8
490 _aEducación y sociedad
504 _aBibliografía : p. 103-106
590 _aInventariado, 2023/BT
700 1 _aFilpo Estrella, Elizabeth
_983709
700 1 _aPerdomo Espinal, Dakeisi
_983710
700 1 _aTejada Bethancourt, Lennys,
_eedición
_982818
700 1 _aHernández, Luisa,
_ecorrección de estilo
_966105
910 _aBtavárez
942 _2ddc
_cLBS1
999 _c54124
_d54124